Religion Quiz

Random Religion or Letter Quiz

'B' Bible Books Quiz Stats

Quiz Updated Feb 27, 2018

Challenge
Share
Tweet
Embed
Score 0/6 Timer 01:30
2 Plays Today
% Correct
Job
82.2%
Numbers
82.1%
Proverbs
62.6%
Obadiah
52%
Hebrews
49.8%
Habakkuk
48.2%

You're not logged in!

Compare scores with friends on all Sporcle quizzes.
Sign Up with Email
OR
Log In

You Might Also Like...

Show Comments

Extras

Top Quizzes Today


Score Distribution

Your Account Isn't Verified!

In order to create a playlist on Sporcle, you need to verify the email address you used during registration. Go to your Sporcle Settings to finish the process.

Report this User

Report this user for behavior that violates our Community Guidelines.

Details: